000 00485nam a22001812 4500
001 0000011798
005 20151217152101.0
008 090108s xx 000 0 eng d
040 _aKABU
_cKABU
100 1 _aBolton, Kenneth.
_@0000167811
245 1 4 _aThe Saturday essays /
_cKenneth Bolton.
250 _a1st ed.
260 _aNairobi :
_bE. A. S.,
_c1962.
300 _a108 p.
852 1 _9p200 KES
908 _a090108
950 _@1
999 _c8049
_d8049